[Event "POL-ch U14"]
[Site "Suwalki"]
[Date "2015.04.11"]
[Round "6"]
[White "Pytel, Maciej"]
[Black "Polczyk, Mikolaj"]
[Result "0-1"]
[WhiteElo "1821"]
[BlackElo "1571"]
[PlyCount "86"]
[EventDate "2015.04.08"]
[EventType "swiss"]
[EventRounds "9"]
[EventCountry "POL"]
[SourceTitle "EXT 2017"]
[Source "ChessBase"]
[SourceDate "2016.10.25"]
[SourceVersion "1"]
[SourceVersionDate "2016.10.25"]
[SourceQuality "1"]

1. e4 d5 2. exd5 Nf6 3. d4 Bg4 4. Be2 Bxe2 5. Nxe2 Qxd5 6. 0-0 Nc6 7. h3 0-0-0 8. Be3 e5 9. Nbc3 Qa5 10. Qd3 exd4 11. Nxd4 Nxd4 12. Bxd4 Bd6 13. Kh1 Qg5 14. Qf3 Qf4 15. Qxf4 Bxf4 16. Bxf6 gxf6 17. Rad1 Be5 18. Nd5 Bxb2 19. Ne7+ Kb8 20. Rb1 Rhe8 21. Rfe1 Bc3 22. Nc6+ Ka8 23. Nxd8 Bxe1 24. f3 Bg3 25. Rd1 Kb8 26. Nxf7 Bf4 27. Rd8+ Rxd8 28. Nxd8 Kc8 29. Ne6 Be3 30. f4 Kd7 31. f5 b5 32. g4 Kd6 33. Kg2 c5 34. Kf3 Bc1 35. Ke4 h6 36. Ng7 Bg5 37. Nh5 a5 38. Ng3 a4 39. Ne2 b4 40. Ng1 a3 41. Ne2 Kc6 42. c4 b3 43. Nc3 Bd2 0-1